Sports Quiz

Random Sports or Numbers Quiz

2009 Minnesota Vikings by number Quiz Stats

 Plays Quiz not verified by Sporcle

Challenge
Share
Tweet
Embed
Score 0/53 Timer 12:00
0 Plays Today
number player % Correct
4Brett Favre
87.5%
28Adrian Peterson
82.2%
7Tavaris Jackson
81.4%
69Jared Allen
76.9%
18Sydney Rice
75.8%
87Bernard Berrian
75.4%
12Percy Harvin
74.2%
93Kevin Williams
66.7%
52Chad Greenway
66.3%
8Ryan Longwell
66.3%
81Visanthe Shiancoe
65.5%
26Antoine Winfield
65.5%
29Chester Taylor
64.8%
2Sage Rosenfels
64.4%
5Chris Kluwe
63.3%
94Pat Williams
62.9%
56EJ Henderson
61.7%
51Ben Leber
61%
76Steve Hutchinson
58%
40Jim Kleinsasser
57.6%
17Greg Lewis
55.7%
74Bryant Mckinnie
55.3%
91Ray Edwards
55.3%
23Cedric Griffin
52.7%
71Phil Loadholt
49.6%
65John Sullivan
48.1%
96Brian Robison
48.1%
number player % Correct
50Erin Henderson
44.3%
64Anthony Herrera
42.4%
83Jeff Dugan
41.7%
22Benny Sapp
41.7%
25Tyrell Johnson
41.3%
20Madieu Williams
40.9%
11Jaymar Johnson
39.4%
38Naufahu Tahi
39%
59Heath Farwell
35.6%
62Ryan Cook
34.8%
54Jasper Brinkley
33.7%
21Asher Allen
32.6%
34Albert Young
31.1%
39Husain Abdullah
29.2%
73Jimmy Kennedy
28.8%
98Letroy Guion
27.3%
82Darius Reynaud
26.9%
33Jamarca Sanford
26.1%
79Artis Hicks
25.8%
90Fred Evans
25.4%
46Cullen Loeffler
23.9%
37Eric Frampton
22.3%
41Karl Paymah
21.2%
92Jayme Mitchell
19.7%
68Jon Cooper
11.7%
55Kenny Onatolu
9.8%

You're not logged in!

Compare scores with friends on all Sporcle quizzes.
OR
Log In

You Might Also Like...

Show Comments

Extras

Top Quizzes Today


Score Distribution

Your Account Isn't Verified!

In order to create a playlist on Sporcle, you need to verify the email address you used during registration. Go to your Sporcle Settings to finish the process.

Report this User

Report this user for behavior that violates our Community Guidelines.

Details: